000 00978cam a2200289 a 4500
001 000004657
005 20200929151458.0
008 790712s1981 sp 001 1 spa
020 _a8474260493
040 _aDO-SdBNP
_bspa
_cBNPHU
041 1 7 _aspa
_hfre
_2Código de idioma MARC
082 _a843.91
_bV614t, 1981
100 1 _aVian, Boris,
_d1920-1959.
_913590
240 1 0 _aLes morts ont tous la même peau.
_lEspañol
245 1 4 _aTodos los muertos tienen la misma piel /
_cBoris Vian ; traductor, Edgardo Luis Oviedo.
250 _a2a ed.
260 _aBarcelona :
_bIcaria,
_c1981.
300 _a127 p. ;
_c21 cm.
440 0 _aIcaria.
_pLiteraria ;
_vno. 6
_913591
534 _pTítulo original:
_tLes morts ont tous la même peau
650 4 _aNovela francesa
_91075
650 4 _aInvestigación criminal
_xNovela
_913592
650 4 _aAsesinato
_xNovela
_913593
700 1 _aOviedo, Edgardo Luis,
_etr.
_913594
910 _aCatalogación derivada
910 _aWM
999 _c4463
_d4463